Proceso a la industrialización chilena

Uloženo v:
Podrobná bibliografie
Hlavní autoři: Muñoz Gomá, Oscar (autor), Jeanneret, Teresa (Autor), Moyano, Eduardo (Autor), Foxley Rioseco, Alejandro (Autor), Bitar Chacra, Sergio (Autor), Ossa, Cristian (Autor), Pommier, Philippe (Autor)
Další autoři: Pacheco Pastene, Luis (autor)
Médium: Kniha
Jazyk:španělština
Vydáno: Santiago Nueva Universidad 1972
Témata:
Tagy: Přidat tag
Žádné tagy, Buďte první, kdo vytvoří štítek k tomuto záznamu!

MARC

LEADER 00000nam a2200000 a 4500
001 UCU2711
003 CL-VaPUC
008 960426e19720000CL |||||||||||||||||spa|d
082 0 4 |a 338.098  |b MUÑ  |2 21 
100 |a Muñoz Gomá, Oscar  |e autor  |9 588181 
700 0 |a Jeanneret, Teresa  |e author  |9 359129 
700 |a Pacheco Pastene, Luis  |e autor  |9 401929 
700 0 |a Moyano, Eduardo  |e author  |9 359131 
700 0 |a Foxley Rioseco, Alejandro  |e author  |9 359132 
700 0 |a Bitar Chacra, Sergio  |e author  |9 359133 
700 0 |a Ossa, Cristian  |e author  |9 359134 
700 0 |a Pommier, Philippe  |e author  |9 359135 
245 1 0 |a Proceso a la industrialización chilena 
300 |a 285 p 
942 |c BK 
945 |d 19960426 00:00:00  |a paguirre 
260 |a Santiago  |b Nueva Universidad  |c 1972 
650 0 |a Industrialización  |9 263687 
650 0 |a Industrias   |9 263688 
650 0 |a Desarrollo económico y social   |9 256320 
650 7 |a DESPEGUE ECONOMICO  |2 CL-VaPUC  |9 359009 
651 7 |a CHILE  |2 CL-VaPUC  |9 359136 
583 |a last modification  |c 19960426 00:00:00  |k Rodrigo Vera 
999 |c 246944  |d 246942 
952 |0 0  |1 0  |4 0  |6 338_098000000000000_MUÑ_1972  |7 0  |8 A  |9 262323  |a BIBING  |b BIBING  |d 2019-11-19  |i 1643150  |o 338.098 MUÑ 1972  |p 1643150  |r 2025-01-20  |w 2019-11-19  |y BK  |k GEO 
952 |0 0  |1 0  |4 0  |6 338_098000000000000_MUÑ_1972  |7 0  |8 A  |9 262324  |a BIBENE  |b BIBENE  |d 2019-11-19  |i 1992864  |o 338.098 MUÑ 1972  |p 1992864  |r 2025-01-15  |w 2019-11-19  |y BK  |k ICO 
952 |0 0  |1 0  |4 0  |6 338_098000000000000_MUÑ_1972  |7 0  |8 A  |9 262325  |a BIBENE  |b BIBENE  |d 2019-11-19  |i 1992813  |o 338.098 MUÑ 1972  |p 1992813  |r 2025-01-15  |w 2019-11-19  |y BK  |k ICO